| 000 | 00471nam a2200157 i 4500 | ||
|---|---|---|---|
| 001 | 61995 | ||
| 003 | ES-MaACL | ||
| 007 | t| | ||
| 008 | 031117q19001920fr ||||1| fre d | ||
| 100 | 1 |
_aFallex, M. _948767 |
|
| 245 | 1 | 0 |
_aAmerique australagie au début du XXe. siècle / _cM. Fallex [et] A. Mairey. |
| 260 |
_aParis : _bDelagrave, _c[19--] ( _eCoulommiers : _fP. Brodard) |
||
| 300 |
_aVI, 370 p. ; _c20 cm. |
||
| 700 | 1 |
_aMairey, A. _975618 |
|
| 852 |
_aES-MaACL _jB-2109 |
||
| 999 |
_c61995 _d61995 |
||